Uma vez que tudo se perdeu (Registo nº 76379)

Detalhes MARC
000 -Etiqueta do registo
campo de controlo de comprimento fixo 00483nam 2200193 4500
001 - Identificador do registo
Campo de controlo 76379
005 - Identificador da versão
Campo de controlo 20260423131641.0
010 ## - ISBN
Número (ISBN) 9789896712877
100 ## - Dados Gerais de Proc.
Dados gerais de processamento 20260423d2015 m||y0pory50030103ba
101 0# - Língua da publicação
Língua do texto, banda sonora, etc. Português
102 ## - País de Publicação
País de publicação Portugal
200 1# - Título
Título próprio Uma vez que tudo se perdeu
Primeira menção de responsabilidade Pedro Mexia
210 #9 - Publicação, Distribuição
Lugar da edição, distribuição, etc. Lisboa
Nome do editor, distribuidor, etc. Tinta-da-China
Data da publicação, distribuição, etc. 2015
215 ## - Descrição física
Descrição física 70, [9] p.
675 ## - CDU
Notação 821.134.3-1"19/20"
Edição BN
Língua da edição Português
700 ## - Responsabilidade principal
Palavra de ordem Mexia
Outra parte do nome Pedro
Datas 1972-
Koha Internal Code 31730
801 #0 - Fonte de origem
País Portugal
Agência BN
Regras de catalogação RPC
090 ## - Números de controlo do sistema (Koha)
Número biblioitem do Koha (gerado automaticamente) 76379
942 ## - Elementos de entrada adicionados (Koha)
Suprimido Disponível no OPAC
Tipo de item no Koha Monografias
Exemplares
Removido (estado) Perdido (estado) Data de aquisição Origem do registo (biblioteca) (codificado) Código da organização que empresta ou é detentora (biblioteca) Código de barras Local Número de inventário Cota Tipo de circulação (não pode ser emprestado) Tipo de item e material
Disponível Disponível 2026-04-23 Biblioteca Municipal Álvaro de Campos Biblioteca Municipal Álvaro de Campos BMTAV61757 Sala de Adultos 61757 R9 MEX Normal Monografias